000 00598nam a2200229 a 4500
999 _c7866
_d7866
001 7866
003 BD-JhCC
005 20180214180017.0
008 180214s1969 p |||| || | 00| 0 eng d
035 _a(BD-JhCC)7866
040 _aBD-JhCC
_dBD-JhCC
041 _aeng
082 _a351.1
_bDOG 1969
100 _aDogar, Tufail Muhammad
245 _aFundamental Rules and Civil Service Regulations /
_cTufail Muhammad Dogar,
260 _aLahore :
_bDogar Sons,
_c1969.
300 _a792 p. :
_c18 cm.
650 _aCivil Service
650 _aEmployees
942 _2ddc
_cBK